书目信息 |
| 题名: |
打印机故障处理手册
|
|
| 作者: | Stephen J.Bigelow 著 ;李 晔 译 | |
| 分册: | ||
| 出版信息: | 北京 清华大学出版社 2001.03 |
|
| 页数: | 426页 | |
| 开本: | 小32开 | |
| 丛书名: | ||
| 单 册: | ||
| 中图分类: | TP334.8 | |
| 科图分类: | ||
| 主题词: | 电子数字计算机 | |
| 电子资源: | ||
| ISBN: | 7-302-04261-6 | |
| 000 | 00648nam0 2200205 45 | |
| 001 | 0206121693 | |
| 005 | 20020612161316.2 | |
| 010 | @a7-302-04261-6@d24.00元 | |
| 100 | @a20020612d2001 km y0chiy0120 ea | |
| 101 | 0 | @achi |
| 105 | @a z 000yy | |
| 200 | 1 | @a打印机故障处理手册@ADa Yin Ji Gu Zhang Chu Li Shou Ce@f(美)Stephen J.Bigelow著@F(Mei)Stephen J.Bigelow Zhu@g李 晔等译 |
| 210 | @a北京@c清华大学出版社@d2001.03 | |
| 215 | @a426页@d小32开 | |
| 606 | 0 | @a电子数字计算机 |
| 690 | @aTP334.8@v3 | |
| 701 | 0 | @aStephen J.Bigelow@4著 |
| 702 | 0 | @a李 晔@ALi Ye@4译 |
| 801 | @aCN@bPftUser@c20020612 | |
| 905 | @aBZT@b340354-356@dTP334.8@e2@f3 | |
| 打印机故障处理手册/(美)Stephen J.Bigelow著/李 晔等译.-北京:清华大学出版社,2001.03 |
| 426页;小32开 |
| ISBN 7-302-04261-6:24.00元 |
| ● |
| 相关链接 |
|
|
|
正题名:打印机故障处理手册
索取号:TP334.8/2
 
预约/预借
| 序号 | 登录号 | 条形码 | 馆藏地/架位号 | 状态 | 备注 |
| 1 | 340354 | 201166068 | 中心书库中库/ 中库027架A面4列2层7/ [索取号:TP334.8/2] | 在馆 | |
| 2 | 340355 | 201166077 | 中心书库中库/ 中库027架A面4列2层6/ [索取号:TP334.8/2] | 在馆 | |
| 3 | 340356 | 201166086 | 中心书库中库/ 中库027架A面4列2层5/ [索取号:TP334.8/2] | 在馆 |